000 00673nam a2200265Ia 4500
005 20260302115241.0
008 008 260114s9999 xx 000 0 eng d
020 _a9798216025207
037 _aTextbook
040 _aCRL
040 _beng
040 _cCRL
041 _2eng
041 _aeng
084 _qCRL
100 _aAlice L. Trupe
_91121120
245 0 _aThematic Guide to Young Adult Literature
260 _bBloomsbury
260 _bGreenwood
260 _c2006
650 _aLiterary Studies
856 _uhttps://doi.org/10.5040/9798216025207?locatt=label:secondary_bloomsburyCollections
942 _cEBOOK
999 _c1685514
_d1685514